| 000 | 00629nam a22002172 4500 | ||
|---|---|---|---|
| 001 | 0000004182 | ||
| 005 | 20151217154345.0 | ||
| 008 | 070521s xx 000 0 eng d | ||
| 020 |
_a0521655773 : _cKES 3,448 |
||
| 040 |
_aKABU _cKABU |
||
| 050 | 0 |
_aQA320 _b.B65 1999 |
|
| 100 | 1 |
_aBollobas, Bela. _@0000154606 |
|
| 245 | 1 | 0 |
_aLinear analysis : _ban introductory course. |
| 250 | _a2nd ed. | ||
| 260 |
_aCambridge : _bCambridge University Press, _c1999. |
||
| 300 | _axi, 240 p. | ||
| 650 | 0 |
_aFunctional analysis. _@0000154607 |
|
| 908 | _a070521 | ||
| 950 | _@1 | ||
| 999 |
_c10735 _d10735 |
||